000 00689nam a2200205Ia 4500
003 GCL
008 140319s9999 xx 000 0 ara d
020 _a4292270977
040 _aGCL /
_cGCL
082 0 4 _a362.41
_bك م
100 1 _aكمال سالم سيسالم
245 1 0 _aالمعاقون بصريا : خصائصهم ومناهجهم /
_cكمال سالم سيسالم
250 _aالاولى
260 _aالقاهرة :
_bالدار المصرية اللبنانية ،
_c1997
300 _a198 ص ؛
_c23سم
650 0 4 _aالخدمة الاجتماعية
650 0 4 _aالمكفوفون - رعاية
650 0 4 _aالمعاقون بصريا
942 _2ddc
_cBK
999 _c48705
_d48705